000
00291nam a22001337a 4500
008
170418b xxu||||| |||| 00| 0 eng d
020
_a
007-492409
041
_a
eng
080
_a
579
100
_a
11
101
_a
SHM
245
_a
ELEMENTS MICROBIOLOGY
_c
PELCZAR.M.J
942
_2
udc
_c
BK
999
_c
10963
_d
10963